The McGraw -Hill Reader Issues Across the Disciplines

Saved in:
Bibliographic Details
Main Author: Muller, Gilbert H.
Format: Book
Language:English
Published: McGraw - HillCompanies, Inc 2008
Subjects:
Tags: Add Tag
No Tags, Be the first to tag this record!
Institutions: Mạng thư viện Đại học Đà Nẵng
LEADER 00929nam a22002651a 4500
001 000034907
003 11127
005 20151027134514.0
008 151027s2008 000 eng
020 |a 9780073533131 
041 |a eng 
082 |a 420.8  |b MU-G 
100 |a Muller, Gilbert H. 
245 |a The McGraw -Hill Reader Issues Across the Disciplines  |c Gilbert H.Muller 
260 |a McGraw - HillCompanies, Inc  |c 2008 
300 |a 913p. : ill ; 25cm 
650 |a Gilbert H.Muller, McGraw -Hill, Reader, Reading, 2008 
OWN |a LNN 
AVA |a UDN50  |b LNN  |d 420.8 MU-G  |e available  |t Error 5001 Not defined in file expand_doc_bib_avail.  |f 1  |g 0  |h N  |i 0  |k 1 
999 |a From the UDN01 
AVA |a UDN50  |b LNN  |d 420.8 MU-G  |e available  |t Error 5001 Not defined in file expand_doc_bib_avail.  |f 1  |g 0  |h N  |i 0  |k 1 
TYP |a Monograph 
980 |a Mạng thư viện Đại học Đà Nẵng